Sports Quiz

Random Sports Quiz

Olympique Lyonnais Champions League Players Quiz Stats

 Plays Quiz not verified by Sporcle

Challenge
Share
Tweet
Embed
Score 0/117 Timer 20:00
0 Plays Today
Player % Correct
Juninho Pernambucano
95.9%
Grégory Coupet
91.7%
Karim Benzema
89.3%
Alexandre Lacazette
89.3%
Cris
87.6%
Hugo Lloris
86.8%
Anthony Lopes
85.1%
Lisandro López
83.5%
Anthony Réveillère
81.8%
Sonny Anderson
81%
Mahamadou Diarra
81%
Alou Diarra
80.2%
Sidney Govou
80.2%
Hatem Ben Arfa
79.3%
Bafétimbi Gomis
79.3%
Kim Källström
78.5%
Jérémy Toulalan
78.5%
Caçapa
77.7%
Michael Essien
76.9%
Nabil Fekir
76.9%
Maxime Gonalons
76%
Fred
75.2%
Yoann Gourcuff
74.4%
Christophe Jallet
73.6%
Florent Malouda
73.6%
Éric Abidal
72.7%
Rafael da Silva
72.7%
Fabio Grosso
72.7%
Sylvain Wiltord
72.7%
Corentin Tolisso
70.2%
Michel Bastos
69.4%
Samuel Umtiti
69.4%
Rémy Vercoutre
68.6%
John Carew
67.8%
Clément Grenier
67.8%
Eric Carrière
66.9%
Jordan Ferri
66.9%
Miralem Pjanić
66.9%
Mapou Yanga-Mbiwa
66.9%
Player % Correct
Abdulkader Keita
66.1%
Jean Makoun
66.1%
Jean-Alain Boumsong
64.5%
Patrick Müller
64.5%
François Clerc
63.6%
Edmilson
63.6%
Giovane Élber
63.6%
Sébastien Squillaci
62.8%
Tiago
62.8%
Nilmar
62%
Jérémy Morel
60.3%
Mathieu Valbuena
60.3%
Maxwel Cornet
59.5%
César Delgado
58.7%
Ederson
58.7%
Aly Cissokho
57%
Vikash Dhorasoo
57%
Peguy Luyindula
57%
Eric Deflandre
56.2%
Rachid Ghezzal
55.4%
Benoît Pedretti
55.4%
Jérémie Bréchet
54.5%
Bakary Koné
53.7%
Steed Malbranque
53.7%
Steve Marlet
52.9%
Milan Baroš
52.1%
Dejan Lovren
52.1%
Tony Vairelles
52.1%
Pierre-Alain Frau
51.2%
Pierre Laigle
51.2%
Lucas Tousart
51.2%
Henri Bédimo
50.4%
Jérémy Berthod
50.4%
Philippe Violeau
48.8%
Mathieu Bodmer
47.9%
Sergi Darder
47.9%
Mouctar Diakhaby
47.1%
Jimmy Briand
46.3%
Nicolas N'Koulou
45.5%
Player % Correct
Fábio Santos
44.6%
Christophe Delmotte
42.1%
Loïc Rémy
40.5%
Bryan Bergougnoux
39.7%
Marc-Vivien Foé
39.7%
Milan Biševac
38%
Mouhamadou Dabo
38%
Emanuel Mammana
38%
Jacek Bąk
37.2%
Gueïda Fofana
36.4%
Frédéric Née
35.5%
Nicolas Puydebois
34.7%
Jean-Marc Chanelet
33.9%
Jérémy Clément
33.9%
Maciej Rybus
33.1%
Serge Blanc
32.2%
Florent Laville
32.2%
Pape Diakhaté
31.4%
Anthony Mounier
31.4%
Lamine Diatta
29.8%
Jérémy Pied
29.8%
Frédéric Piquionne
29.8%
Sylvain Monsoreau
28.1%
Ishak Belfodil
24.8%
Claudio Beauvue
24%
Timothée Kolodziejczak
24%
Sylvain Idangar
22.3%
David Linarès
21.5%
Lamine Gassama
19%
John Mensah
18.2%
Nadir Belhadj
14%
Gédéon Kalulu
12.4%
Aldo Kalulu
12.4%
Patrice Loko
12.4%
Yohan Gomez
11.6%
Jordy Gaspar
10.7%
Romain Sartre
9.9%
Romain Beynié
8.3%
Johann Truchet
5%

You're not logged in!

Compare scores with friends on all Sporcle quizzes.
Join for Free
OR
Log In

You Might Also Like...

Show Comments

Extras

Top Quizzes Today


Score Distribution

Your Account Isn't Verified!

In order to create a playlist on Sporcle, you need to verify the email address you used during registration. Go to your Sporcle Settings to finish the process.

Report this User

Report this user for behavior that violates our Community Guidelines.

Details: